Long-Run and Short-Run Determinants of Sovereign Bond Yields in Advanced Economies /

We analyze determinants of sovereign bond yields in 22 advanced economies over the 1980-2010 period using panel cointegration techniques. The application of cointegration methodology allows distinguishing between long-run (debt-to-GDP ratio, potential growth) and short-run (inflation, short-term int...

Descrizione completa

Dettagli Bibliografici
Autore principale: Poghosyan, Tigran
Natura: Periodico
Lingua:English
Pubblicazione: Washington, D.C. : International Monetary Fund, 2012.
Serie:IMF Working Papers; Working Paper ; No. 2012/271
Accesso online:Full text available on IMF
LEADER 02207cas a2200241 a 4500
001 AALejournalIMF013176
008 230101c9999 xx r poo 0 0eng d
020 |c 5.00 USD 
020 |z 9781475529142 
022 |a 1018-5941 
040 |a BD-DhAAL  |c BD-DhAAL 
100 1 |a Poghosyan, Tigran. 
245 1 0 |a Long-Run and Short-Run Determinants of Sovereign Bond Yields in Advanced Economies /  |c Tigran Poghosyan. 
264 1 |a Washington, D.C. :  |b International Monetary Fund,  |c 2012. 
300 |a 1 online resource (26 pages) 
490 1 |a IMF Working Papers 
500 |a <strong>Off-Campus Access:</strong> No User ID or Password Required 
500 |a <strong>On-Campus Access:</strong> No User ID or Password Required 
506 |a Electronic access restricted to authorized BRAC University faculty, staff and students 
520 3 |a We analyze determinants of sovereign bond yields in 22 advanced economies over the 1980-2010 period using panel cointegration techniques. The application of cointegration methodology allows distinguishing between long-run (debt-to-GDP ratio, potential growth) and short-run (inflation, short-term interest rates, et cetera) determinants of sovereign borrowing costs. We find that in the long-run, government bond yields increase by about 2 basis points in response to a 1 percentage point increase in government debt-to-GDP ratio and by about 45 basis points in response to a 1 percentage point increase in potential growth rate. In the short-run, sovereign bond yields deviate from the level determined by the long-run fundamentals, but about half of the deviation adjusts in one year. When considering the impact of the global financial crisis on sovereign borrowing costs in euro area countries, the estimations suggest that spreads against Germany in some European periphery countries exceeded the level determined by fundamentals in the aftermath of the crisis, while some North European countries have benefited from 'safe haven' flows. 
538 |a Mode of access: Internet 
830 0 |a IMF Working Papers; Working Paper ;  |v No. 2012/271 
856 4 0 |z Full text available on IMF  |u http://elibrary.imf.org/view/journals/001/2012/271/001.2012.issue-271-en.xml  |z IMF e-Library